000 00676nam a2200229 a 4500
005 20140310183515.0
008 110105s19uu xx 00 eng d
020 _a9781607091186
050 _aHQ 799.15
_b.F45 2009
100 _aFeinstein, Sheryl
245 _aInside the teeange brain:
_bparenting a work in progress. /
_cSheryl Feinstein
260 _aNew York :
_bRowman & Littlefield Pub.,Inc,
_c2009.
300 _a137 p. :
_c24 cm.
521 _aPSYCH
650 _aParent and teeanager.
650 _aAdolscent psychology.
650 _aTeenagers.
650 _aParenting.
700 _aforeword by: Eric Jensen
942 _cBK
_2lcc
_kFOR
999 _c24267
_d24267